Obálka Náhled e-knihy:
Epub
Pro půjčování e-knih musíte být přihlášeni.
Jak si půjčit online?

Česká touha /

>> Je naše sexualita opravdu naše?Nebo jen odráží příběhy, na kterých jsme vyrostli?<<O knizeNovinářka Hana Vacková pootevírá na základě devatenácti intimních zpovědí dveře do českých ložnic. Díky zasazení do širšího kontextu i komentářům odborníků pochopíte, jak lidskou...

Celý popis

Uloženo v:
Hlavní autor: Vacková, Hana (Autor)
Médium: E-kniha
Jazyk:Czech
Vydáno: Praha : Jan Melvil Publishing, 2026
Tagy:
Žádné tagy
LEADER 02134nam a22002297i 4500
001 297539
007 ta
008 260410s2026 xr ||||| |||| 00| 0 cze d
020 |a 9788075553157 
044 |a xr 
100 1 |a  Vacková, Hana  |4 aut 
245 1 0 |a Česká touha /  |c  Vacková, Hana 
264 1 |a Praha :  |b Jan Melvil Publishing,  |c 2026 
300 |a 1 online zdroj (392 stran) 
336 |a text  |b txt  |2 rdacontent 
337 |a bez média  |b n  |2 rdamedia 
338 |a online zdroj  |b cr  |2 rdacarrier 
520 2 |a >> Je naše sexualita opravdu naše?Nebo jen odráží příběhy, na kterých jsme vyrostli?<<O knizeNovinářka Hana Vacková pootevírá na základě devatenácti intimních zpovědí dveře do českých ložnic. Díky zasazení do širšího kontextu i komentářům odborníků pochopíte, jak lidskou sexualitu formují psychologické a společenské vlivy – od křesťanské tradice přes sociální sítě až po zpracování traumatu. A jak hluboko pronikají do našich očekávání.Touha nezná hranice ani normy. V hlavě si jich ale stavíme spoustu.
Kniha vám mimo jiné odhalí:* Žádná „normální“ sexualita neexistuje. V pořádku je vše, co probíhá dobrovolně mezi zralými lidmi, kteří nejsou blízcí příbuzní a nikomu nepůsobí újmu.* Sexualita není neměnná vlastnost, ale dynamický systém, který se během života mění vlivem stresu, hormonů i nabytých zkušeností.* Spokojený intimní život není otázkou talentu ani chemie, ale dovedností, které si můžeme osvojit během života.
Česká touha není sbírkou pikantních historek.Je citlivou průvodkyní lidskou sexualitou 
– v celé její složitosti, křehkosti a rozmanitosti.
A najdete se v ní i vy. 
910 |a RBIT002 
998 |d 426146  |a https://core.palmknihy.cz/api/books/426146/cover?td82z2  |b https://core.palmknihy.cz/api/books/426146/cover/400?td82z2  |c https://core.palmknihy.cz/api/books/426146/cover/50?td82z2  |e   |g 392  |i 9788075553157  |j https://core.palmknihy.cz/api/books/426146/preview.epub  |l   |q 49  |r 1  |s https://www.palmknihy.cz/kniha/426146  |t ebook  |y 2026  |z 1 
999 |d 297537